000 00868nmm a2200277 a 4500
001 ocm000668147
003 TR-IsHL
005 20201028124935.0
008 110704s2008 tu tur
007 cr cn
035 _a668147
_b(N$T)
050 0 4 _aPS1306.A38
_bT6 2008
090 0 4 _aPS1306.A38
_bT6 2008
100 1 _aTwain, Mark
245 1 0 _aTom Sawyer
_h[electronic resource] /
_cMark Twain ; haz. Ümmühan Cengiz
250 _a1. bs.
260 _aİstanbul :
_bBilgecan Yayınları,
_c2008
300 _a96 p.
650 4 _aDil ve Edebiyat
650 4 _aLanguage and Literature
650 0 _aAmerikan romanı
650 0 _aAmerican fiction
650 7 _aLITERARY COLLECTIONS / American / General
_2bisacsh
700 1 _aCengiz, Ümmühan
856 4 0 _uhttp://search.ebscohost.com/login.aspx?direct=true&scope=site&db=e011xww&AN=668147
999 _c3218
_d3218